000 00510nam a22001817a 4500
003 OSt
005 20140310182938.0
008 130201t xxu||||| |||| 00| 0 eng d
020 _a9789715846752
050 _aRJ 50
_b.In61 1993
245 _aIntegrated management of childhood illness :
_bresource manual and workbook /
260 _aQuezon City :
_bC & E Pub.,
_c2011.
300 _a300 p. :
_bill. ;
_c26 cm.
521 _aNUR
650 _aChildhood illness
942 _2lcc
_cBK
_kLOC
999 _c17670
_d17670